000 00620nam a22001937a 4500
005 20251108170746.0
008 250721s2002 xx 000 0 ara d
082 1 4 _a219/بك
100 1 _aبك، محمد الخضري
245 1 0 _aنور اليقين في سيرة سيد المرسلين /
264 1 _aعمان :
_bدار الفكر للطباعة والنشر والتوزيع،
_c2002.
300 _a240ص.
650 1 7 _aالإسلام
650 1 7 _aالسيرة النبوية
650 1 7 _aحياة الرسول
700 1 _aعمر، عبد الله
_eتحقيق
942 _2ddc
_cBK
999 _c48314
_d48314